000 02105cam a22001934a 4500
005 20250605164339.0
008 250528s ||||||||||||||||||||||||d
035 _a23560
040 _aGR-AtMCL
_bgre
_dGR-AtMCL
_eAACR2
245 1 _aΗ Προσέλκυση και Επιλογή Προσωπικού σε Ελληνική Εταιρία Τηλεπικοινωνιών
260 _c2013
300 _a36
520 _aΕισαγωγή, Η Έννοια της Διοίκηση Ανθρωπίνου Δυναμικού, τι είναι η Διοίκηση Ανθρώπινου Δυναμικού? Ρόλος και Αναγκαιότητα της ΔΑΔ, οι Στόχοι της ΔΑΔ, Λειτουργικές Διοίκησης Ανθρώπινου Δυναμικού, Περιγραφή Εργασίας, Προδιαγραφή Θέσης Ερηασίας, Προσέλκυση Υποψήφιων, Διαδικασία Προσέλκυσης και Επιλογή Προσωπικού, Εταιρική Επισκόπηση, Εταιρική Πολιτική, Στρατηγική Εταιρίας, Προϊοντα και Υπηρεσίες, η Διοίκηση, Η Προσέλκυση και η Επιλογή Προσωπικού από την Εταιρία, Εισαγωγή στη Διοίκηση Ανθρωπίνου, Δυναμικού της Εταιρίας, Στατιστικά Στοιχεία Ανθρωπίνου Δυναμικού, Οργανωτική Δομή Τήματος, Προγραμματισμός και Προσέλκυση Αμθρωπίνου Δυναμικού, Διεθνείς Συνεργασίες, Προϊόντα και Υπηρεσίες, ο Ρόλος της ΔΑΔ, Αμοιβές Αξιολόγησης Απόδοσης, Κατανομή Ανθρωπίνου Δυναμικού ανά Επίπεδο Σπουδών ανά Λειτουργία, Οργανωτική Δομή ΔΑΔ.
700 1 _aΒασαλάκης Δημήτριος
_99139
700 1 _aΒελαώρας Ιωάννης
_99140
942 _cDS
999 _c8561
_d8561